Pays d'origine des marques de bière #1 - Statistiques

Statistiques générales
  • Ce quiz a été pris 96 fois
  • Le résultat moyen est 7 sur 10
Statistiques - réponses
Par images Réponse % Correct
Irlande
92%
Chine
90%
France
89%
États-Unis
85%
Pays-Bas
83%
Portugal
81%
Russie
75%
République Tchèque
41%
Turquie
20%
Argentine
16%
Aucun quiz correspondant
Distribution des résultats
% des personnes avec chaque résultat
Percentile par nombre de réponses
Votre historique - résultats
Vous n’avez pas pris ce quiz